LEADER 00943nam0 2200265 450 001 000021701 005 20090116112837.0 010 $a1858984297 100 $a20090116d1996----km-y0itay50------ba 101 0 $aeng 102 $aGB 105 $ay-------001yy 200 1 $aFiscal policy and interest rates in the European Union$fKlaas Knot 210 $aCheltenham$cEdward Elgar$d1996 215 $aXII, 203 p.$d24 cm 500 10$aFiscal policy and interest rates in the European Union$946772 610 1 $aPolitica fiscale$aPaesi della Comunità Economica Europea 610 1 $aTasso di cambio$aPaesi della Comunità europea 676 $a336.4$v20$9Finanza pubblica. Europa (Europa occidentale) 700 1$aKnot,$bKlaas$0240705 801 0$aIT$bUNIPARTHENOPE$c20090116$gRICA$2UNIMARC 912 $a000021701 951 $a424/90$b8161$cNAVA2 996 $aFiscal policy and interest rates in the European Union$946772 997 $aUNIPARTHENOPE